| 000 | 00000nam##2200000za#4500 |
| 001 | 9.575819 |
| 003 | CaOODSP |
| 005 | 20210624184838 |
| 007 | cr ||||||||||| |
| 008 | 150406|2007||||xxc|||||o f|0| 0 eng|d |
| 040 | |aCaOODSP|beng |
| 043 | |an-cn--- |
| 086 | 1 |aTU3-6/07-323E-PDF |
| 110 | 2 |aTransportation Safety Board of Canada. |
| 245 | 10|aMain track derailment - Canadian National Train Number M-38461-29 Mile 9.30, Halton Subdivision Malport, Ontario, 30 October 2007 |h[electronic resource] |
| 260 | |aOttawa - Ontario : |bTransportation Safety Board of Canada |c[2007]. |
| 300 | |a20p.|bfigs. |
| 490 | 1 |aRailway investigation report |vR07T0323 |
| 590 | |a13-08-Supp|b2013-04-02 |
| 775 | 08|tDéraillement en voie principale - Train no M-38461-29 Point milliaire 9,30 de la subdivision Halton Malport (Ontario), le 30 octobre 2007 |w(CaOODSP)9.605233 |
| 830 | #0|aRailway investigation report ;|vR07T0323|w(CaOODSP)9.504849 |
| 856 | 40|ahttp://publications.gc.ca|qPDF|s681 KB|uhttps://publications.gc.ca/collections/collection_2013/bst-tsb/TU3-6-07-323-eng.pdf|yR07T0323 |